<?xml version="1.0" encoding="UTF-8"?>
<collection xmlns:xsi="http://www.w3.org/2001/XMLSchema-instance" xsi:schemaLocation="http://www.loc.gov/MARC21/slim http://www.loc.gov/standards/marcxml/schema/MARC21slim.xsd" xmlns="http://www.loc.gov/MARC21/slim">
 <record>
  <leader>00000cam a22000004a 4500</leader>
  <controlfield tag="001">UP-99796217601801888</controlfield>
  <controlfield tag="003">Buklod</controlfield>
  <controlfield tag="005">20230503092542.0</controlfield>
  <controlfield tag="006">t     r    |||| u|</controlfield>
  <controlfield tag="007">ta</controlfield>
  <controlfield tag="008">080209s1951    nyua    r    |000 u|eng d</controlfield>
  <datafield tag="035" ind1=" " ind2=" ">
   <subfield code="a">(iLib)UPD-00000086925</subfield>
  </datafield>
  <datafield tag="041" ind1=" " ind2=" ">
   <subfield code="a">eng</subfield>
  </datafield>
  <datafield tag="042" ind1=" " ind2=" ">
   <subfield code="a">DMLUC</subfield>
  </datafield>
  <datafield tag="090" ind1=" " ind2=" ">
   <subfield code="a">BS 491</subfield>
   <subfield code="b">I58</subfield>
  </datafield>
  <datafield tag="245" ind1="1" ind2="0">
   <subfield code="a">The Interpreter's Bible</subfield>
   <subfield code="b">the Holy Scriptures in the King James and Revised standard version with general articles and introduction, exegesis, exposition for each book of the Bible</subfield>
   <subfield code="c">[Editorial board: George Arthur Buttrick, commentary editor ... [et al.].</subfield>
  </datafield>
  <datafield tag="264" ind1=" " ind2="1">
   <subfield code="a">New York</subfield>
   <subfield code="b">Abingdon Press</subfield>
   <subfield code="c">1951-1957.</subfield>
  </datafield>
  <datafield tag="300" ind1=" " ind2=" ">
   <subfield code="a">12 v. : ill.</subfield>
  </datafield>
  <datafield tag="500" ind1=" " ind2=" ">
   <subfield code="a">&quot;How to use the Interpreter's Bible [by] George Arthur Buttrick.&quot; inserted in v.1.</subfield>
  </datafield>
  <datafield tag="505" ind1="0" ind2=" ">
   <subfield code="a">v. 1. General articles on the Bible. General articles on the Old Testament. Genesis. Exodus.--v. 2. Leviticus. Numbers. Deuteronomy. Joshua. Judges. Ruth. Samuel.--v. 3. Kings. Chronicles. Ezra. Nehemiah. Esther. Job.--v. 4. Psalms. Proverbs.--v. 5. Ecclesiastes. Song of songs. Isaiah. Jeremiah.--v. 6. Lamentations. Ezekiel. Daniel. Hosea. Joel. Amos. Obadiah. Jonah. Micah. Nahum. Habakkuk. Zephaniah. Haggai. Zechariah. Malachi.--v. 7. General articles on the New Testament. Matthew. Mark.--v. 8. Luke. John.--v. 9. Acts. Romans.--v. 10. Corinthians. Galatians. Ephesians.--v. 11. Philippians. Colossians. Thessalonians. Timothy. Titus. Philemon. Hebrews.--v. 12. James. Peter. John. Jude. Revelation. General articles. Indexes.</subfield>
  </datafield>
  <datafield tag="630" ind1="0" ind2="0">
   <subfield code="a">Bible</subfield>
   <subfield code="k">Commentaries.</subfield>
  </datafield>
  <datafield tag="700" ind1="1" ind2=" ">
   <subfield code="a">Buttrick, George Arthur</subfield>
   <subfield code="d">1892-.</subfield>
  </datafield>
  <datafield tag="730" ind1="0" ind2=" ">
   <subfield code="a">Bible</subfield>
   <subfield code="d">1951</subfield>
   <subfield code="l">English</subfield>
   <subfield code="s">Authorized.</subfield>
  </datafield>
  <datafield tag="730" ind1="0" ind2=" ">
   <subfield code="a">Bible</subfield>
   <subfield code="d">1951.</subfield>
   <subfield code="l">English</subfield>
   <subfield code="s">Revised standard.</subfield>
  </datafield>
  <datafield tag="842" ind1=" " ind2=" ">
   <subfield code="a">Book</subfield>
  </datafield>
  <datafield tag="905" ind1=" " ind2=" ">
   <subfield code="a">FO</subfield>
  </datafield>
  <datafield tag="950" ind1=" " ind2=" ">
   <subfield code="a">Paper</subfield>
  </datafield>
  <datafield tag="852" ind1="0" ind2=" ">
   <subfield code="a">UPD</subfield>
   <subfield code="b">DMLR</subfield>
   <subfield code="h">BS 491 I58</subfield>
  </datafield>
  <datafield tag="942" ind1=" " ind2=" ">
   <subfield code="a">Book</subfield>
  </datafield>
 </record>
</collection>
